000 00984nam0a22002291i 4500
001 rc\3140320
005 20240726070104.0
021 _aRU
_b[75-1683а]
035 _a(NLR Aleph) 007290392
090 _a5603485
_c5603485
100 _a20120615d1975 |||y0rusy50 ca
101 0 _arus
102 _aRU
105 _aa d |||||
200 1 _aРазработка APL-процессора и исследование возможностей обработки массивов при его реализации
_e(Исполн. часть системы программной интерпретации)
_eАвтореф. дис. на соиск. учен. степени канд. техн. наук
_e(05.13.13)
_fМоск. энерг. ин-т
210 _aМосква
_d1975
215 _a19 с.
_cсхем.
700 1 _aТочкова
_bЛ.А.
_gЛюбовь Алексеевна
801 0 _aRU
_bNLR
_gpsbo
801 1 _aRU
_bELAR
_2rusmarc
852 _aNLR
_j74-4/38229
942 _cBOOK